| 000 | 00940nam a2200277 i 4500 | ||
|---|---|---|---|
| 001 | 192052 | ||
| 003 | ES-MaACL | ||
| 005 | 20240126063028.0 | ||
| 008 | 221102s2018 sp | |||| 000 0 spa | ||
| 017 |
_aM 1044-2018 _bOficina Depósito Legal Madrid |
||
| 020 | _a9788469788868 | ||
| 040 | _cES-MaACL | ||
| 080 | _a343.123.5 | ||
| 100 | 1 |
_aGutiérrez Peña, Florencio, _d1953- _9175692 _eaut |
|
| 245 | 1 | 0 |
_aNotas sobre la acción popular / _cFlorencio Gutiérrez Peña. |
| 260 |
_aMadrid : _b[F. Gutiérrez Peña], _c2018 |
||
| 300 |
_a85 páginas ; _c18 cm. |
||
| 500 | _aÍndice | ||
| 504 | _aReferencias bibliográficas. | ||
| 650 |
_aAcción popular. _9175688 |
||
| 852 | 4 |
_aES-MaACL _jN-8097 _bR. 152138 _cDEPOJ _hDonación: Florencio Gutiérrez Peña |
|
| 903 |
_9175692 _aGutiérrez Peña, Florencio, _d1953- _ednr |
||
| 942 |
_cMONOGRAFIA _n0 |
||
| 999 |
_c192052 _d192052 |
||